[Event "Zlatni otok Krk Open 2020"]
[Site "Malinska"]
[Date "2020.11.07"]
[Round "4.9"]
[White "Mazuran, Gabrijel"]
[Black "Gall, Toni Peter"]
[Result "1-0"]
[WhiteElo "2058"]
[BlackElo "1787"]
[Annotator "TA"]
[PlyCount "61"]
[EventDate "2020.11.05"]
[EventType "swiss"]
[EventCountry "CRO"]
[SourceTitle "playchess.com"]
[Source "ChessBase"]
[SourceQuality "1"]

{[%evp 9,61,60,93,102,118,39,52,33,22,0,43,-28,-3,-64,-61,-76,8,-42,-47,-44,-34,-27,0,0,2,-8,20,20,22,-31,-29,-31,-43,-64,0,-27,99,-69,-64,-70,-55,-63,-59,-37,703,709,1602,1563,2394,2263,29989,29990,29990,29991]} 1. d4 g6 2. c4 Bg7 3. e4 c5 4. d5 d6 5. Nc3 f5 6. exf5 {A43: Schmid Benoni.} Bxf5 7. g4 ({White should play} 7. Bd3 $16) 7... Bd7 $14 {[#]} 8. Bd3 $146 {White is slightly better.} ({Predecessor:} 8. h4 Qa5 9. Bd2 Na6 10. g5 O-O-O 11. Bh3 Qc7 12. Nb5 Qb6 13. Qa4 Bxh3 14. Ba5 {1-0 (24) Ferreira,B (1808)-Gabriel,C (1556) Sao Paulo 2017}) 8... Nf6 9. f3 Na6 10. Be3 (10. h4 $14) 10... e6 $11 11. Qd2 (11. dxe6 $11 Bxe6 12. Nh3) 11... exd5 $15 12. cxd5 Nc7 (12... O-O $17 13. Nge2 Nb4) 13. Bc2 Qe7 {Strongly threatening ...Nfxd5!} 14. O-O-O O-O-O 15. Re1 Rde8 16. Nh3 Qf8 $1 17. Kb1 b5 {[%cal Bb7b5,Bb5b4][%mdl 32]} 18. Nf4 Qf7 19. g5 ({Better is} 19. Ne6 $11) 19... b4 $36 {[%mdl 2048] Black has the initiative.} 20. Ne4 Nxe4 21. fxe4 Qe7 22. h4 Bb5 {[#]} (22... Bxb2 $11 {remains equal.} 23. Kxb2 Qg7+ 24. Kb3 (24. Kb1 Nb5 $15) 24... Nb5) 23. Bf2 $2 (23. h5 $1 $16) 23... a5 $1 24. Bg3 Rhf8 25. Ne6 Nxe6 26. dxe6 Rd8 $2 {[%mdl 8192] This costs Black the game.} (26... Bd4 $15) 27. Qd5 $18 {Qa8+ is the strong threat.} Kc7 28. Qxc5+ {[%mdl 64] [#] Double Attack} Bc6 29. Ba4 Qxe6 30. Qxc6+ Kb8 31. Qb6+ {[%mdl 64] Double Attack. Av CentiPawn Loss W=-28/B=-155. Weighted=-34/-186} 1-0

[Event "Zlatni otok Krk Open 2020"]
[Site "Malinska"]
[Date "2020.11.07"]
[Round "4.10"]
[White "Garic, Mario"]
[Black "Lovrinic, Vlatko"]
[Result "1/2-1/2"]
[WhiteElo "1878"]
[BlackElo "1767"]
[Annotator "NA RC"]
[PlyCount "64"]
[EventDate "2020.11.05"]
[EventType "swiss"]
[EventCountry "CRO"]
[SourceTitle "playchess.com"]
[Source "ChessBase"]
[SourceQuality "1"]
[TimeControl "5400+30"]

{[%evp 8,51,-11,-20,32767,32767,32767,-16,0,-16,0,-10,5,32767,32767,32767,32767,-71,-65,-89,-78,-74,-76,-77,-80,-85,-80,-92,-77,-83,-71,-90,-31,-52,-19,-58,-48,-100,32767,-106,-79,-78,-81,-75,-72,-99]} 1. e4 {[%emt 0:02:02] ChessBase} e5 {[%emt 0:00:00]} 2. Nf3 {[%emt 0:00:07]} Nc6 {[%emt 0:00:00]} 3. Bc4 {[%emt 0:00:07]} Nf6 {[%emt 0:00:00]} 4. d4 {[%emt 0:00:12]} exd4 {[%emt 0:00:25]} 5. O-O {[%emt 0:00:11]} Nxe4 {[%emt 0:02:11]} 6. Re1 {[%emt 0:00:25]} d5 {[%emt 0:00:20] [#]} 7. Bxd5 $1 {[%emt 0:14:21]} Qxd5 {[%emt 0:00:25]} 8. Nc3 $1 {[%emt 0:00:07] Pin} Qh5 {[%emt 0:01:29]} 9. Nxe4 {[%emt 0:08:23]} Be6 {[%emt 0:01:04]} 10. Neg5 {[%emt 0:07:58]} O-O-O {[%emt 0:01:20]} 11. Nxe6 {[%emt 0:01:53] C56: Two Knights: 4 d4 exd4 5 0-0 Nxe4.} fxe6 {[%emt 0:00:11]} 12. Bf4 {[%emt 0:00:26]} Bd6 {[%emt 0:06:06]} 13. Ne5 {[%emt 0:13:21]} Qxd1 {[%emt 0:12:22]} 14. Raxd1 {[%emt 0:00:09]} Nxe5 {[%emt 0:00:22]} 15. Bxe5 {[%emt 0:00:29]} Bxe5 {[%emt 0:00:08]} 16. Rxe5 {[%emt 0:00:08] [#]} Rd6 $146 {[%emt 0:03:03]} ({Predecessor:} 16... Rhe8 17. f4 g6 18. Kf2 Rd6 19. Kf3 Kd7 20. Ke4 Rf8 21. g3 Rf5 22. Rxd4 c5 23. Rxd6+ Kxd6 {1-0 (36) Kolisch,I-Urusov,S St Petersburg 1862 EXT 2017 [ChessBase]}) 17. Rd3 {[%emt 0:01:09]} Rf8 {[%emt 0:06:13]} 18. Re4 {[%emt 0:04:55]} c5 {[%emt 0:04:54]} 19. Kf1 {[%emt 0:04:55]} Kd7 {[%emt 0:04:52]} (19... Kc7 $17) 20. b4 {[%emt 0:01:10]} b6 {[%emt 0:01:44]} 21. bxc5 {[%emt 0:01:16]} bxc5 {[%emt 0:00:11]} 22. Ra3 {[%emt 0:00:25]} a6 {[%emt 0:02:02]} 23. Ke2 {[%emt 0:02:26]} Rb6 {[%emt 0:07:10]} 24. f3 {[%emt 0:02:43]} Kd6 {[%emt 0:03:01]} 25. h4 {[%emt 0:01:53]} g6 {[%emt 0:05:46]} 26. Ra5 $17 {[%emt 0:04:40]} Rf7 {[%emt 0:08:38]} 27. f4 {[%emt 0:03:25]} Ra7 {[%emt 0:03:00]} 28. Re5 {[%emt 0:03:28]} Rb5 {[%emt 0:00:50]} 29. Ra4 {[%emt 0:00:16]} a5 {[%emt 0:03:30]} 30. h5 {[%emt 0:01:10]} gxh5 {[%emt 0:03:13]} 31. Rxd4+ {[%emt 0:00:40]} cxd4 {[%emt 0:06:46]} 32. Rxb5 {[%emt 0:00:11]} h4 {[%emt 0:14:44]} 1/2-1/2

[Event "Zlatni otok Krk Open 2020"]
[Site "Malinska"]
[Date "2020.11.08"]
[Round "5.1"]
[White "Zadravec, Matija"]
[Black "Horvat, Damjan"]
[Result "1/2-1/2"]
[WhiteElo "2207"]
[BlackElo "2155"]
[Annotator "TA"]
[PlyCount "174"]
[EventDate "2020.11.05"]
[EventType "swiss"]
[EventCountry "CRO"]
[SourceTitle "playchess.com"]
[Source "ChessBase"]
[SourceQuality "1"]

{[%evp 9,174,0,-4,-9,-9,-6,-3,-46,0,0,4,0,0,0,0,-67,8,0,8,2,125,95,107,101,145,120,105,110,302,177,186,175,195,188,202,189,195,178,175,164,185,159,156,161,167,115,129,79,93,91,99,52,108,118,144,129,143,139,208,213,200,193,200,181,175,134,279,223,521,533,524,473,527,506,500,481,454,87,74,83,77,80,111,8,92,95,487,275,1114,15,15,15,15,15,15,15,15,15,15,15,15,15,15,15,15,15,15,15,15,15,29,15,15,15,29,15,15,15,34,15,15,8,579,8,8,8,8,8,8,8,8,8,8,8,8,8,8,8,8,8,8,8,8,8,8,0,8,0,8,8,8,8,8,0,8,8,8,0,8,0,8,8,8,0,0,0,0]} 1. d4 Nf6 2. Bf4 b6 3. Nc3 Bb7 4. f3 d5 5. e4 e6 {[%cal Rd5e4]} 6. Nb5 {A45: Trompowsky Attack.} Na6 7. e5 Nd7 {[#]} 8. c3 $146 ({Predecessor:} 8. Bd3 Nb4 9. Be2 c5 10. c3 Nc6 11. Nh3 h6 12. Be3 Be7 13. O-O O-O 14. f4 {1-0 (28) Penzel,N-Glaesser,T Oberbernhards 2004}) 8... Nab8 9. Bd3 Ba6 (9... a6 $5 10. Na3 $8 c5 $11) 10. Ne2 c6 11. Nd6+ Bxd6 $1 12. Bxa6 (12. exd6 $11 Bxd3 13. Qxd3) 12... Nxa6 (12... Bxe5 $1 $15 13. Bb7 (13. Bxe5 Nxa6 14. Bg3 O-O $11) 13... Bxf4) 13. exd6 $11 O-O 14. O-O $36 {[%mdl 2048] White is more active.} f6 (14... Nf6 $11 {remains equal.}) 15. Qa4 Nab8 16. c4 Qc8 17. Rac1 Qa6 18. Qb3 Qb7 $2 (18... e5 $16) 19. Qe3 (19. cxd5 $142 exd5 20. Ng3) 19... e5 $18 20. dxe5 fxe5 21. Bxe5 c5 22. cxd5 Qxd5 23. Bg3 Nc6 {[%cal Bb8c6,Bc6d4,Bd4f5][%mdl 32]} 24. Nc3 Qf7 25. Qe4 Nd4 26. Rce1 Rfe8 27. Qd5 ({White should play} 27. Qd3 $18) 27... Nf6 28. Qxf7+ Kxf7 29. Kf2 Rad8 30. Be5 Nf5 (30... Nc6 $14 31. f4 Ng4+ 32. Kg3 Ngxe5 33. fxe5+ Ke6) 31. Nb5 $1 $16 Nd5 {Hoping for ...Nb4.} 32. f4 (32. Nxa7 $6 Nb4 $11) 32... Nb4 {And now ...Nd3+ would win.} 33. Rd1 Nc6 (33... h5 $16 34. a3 (34. Nxa7 c4 $16) 34... Nc6) 34. g4 $1 $18 {[%cal Rg4f5]} (34. d7 Re7 $11) 34... Nfd4 35. Bxd4 cxd4 36. Rc1 Nb4 {Threatens to win with ...Nd3+.} 37. Rc7+ Kf6 (37... Kf8 $16 {was worth a try.}) 38. Rd1 (38. Nxd4 $6 Rxd6 39. g5+ Kg6 $18) (38. Rxa7 d3 $18) 38... a6 $2 (38... d3 39. Rxa7 Re2+ 40. Kg1 g5) 39. Nxd4 Rxd6 40. g5+ Kg6 {[#]} 41. Rxg7+ $1 {[%mdl 576] Deflection, Decoy} Kxg7 42. Nf5+ {[%mdl 64] Double Attack} Kg6 43. Nh4+ $2 (43. Nxd6 $18 {is the precise move to win.} Rf8 44. a3 Rxf4+ 45. Ke3) 43... Kh5 $16 44. Rxd6 {White threatens Kg3 and mate.} Kxh4 {[%mdl 4096] Endgame [#] KRN-KR} 45. Kf3 $1 {[%cal Rd6h6]} h5 {[#]} 46. gxh6 ({Much weaker is} 46. Rxb6 $6 Nc2 $11) (46. g6 $1 $16) 46... Nc2 (46... Re7 $11) 47. h7 {[%cal Rd6h6]} ({Don't play} 47. Rxb6 $6 Ne1+ 48. Kf2 Nd3+ 49. Kg2 Kg4 $11) 47... Ne1+ $2 (47... Kh5 $16 {might work better.}) 48. Kf2 $18 {Rh6+ is the strong threat.} Kg4 $2 (48... Kh5 49. h8=B (49. Rxb6 Nd3+ 50. Kf3 Rh8 $16) 49... Rxh8) 49. h8=Q $2 (49. Rg6+ $18 Kf5 50. Rg5+ Kxf4 51. Rg8 Nd3+ 52. Kg2 Re2+ 53. Kh3) 49... Rxh8 $11 50. Kxe1 {Black must now prevent h3+.} Rxh2 51. Rxb6 Kxf4 {KR-KR} 52. Kd1 Ke3 53. Kc1 Kd3 {[%cal Rh2h1]} 54. Rd6+ Kc4 55. Rd2 Rh1+ 56. Kc2 Kb5 57. Kc3 Rh3+ 58. Rd3 Rh4 59. Rd5+ Kb6 60. a3 Rh3+ 61. Rd3 Rh4 62. Rd4 Rh3+ 63. Kc4 Rh2 64. b3 Rc2+ 65. Kb4 a5+ 66. Ka4 {Strongly threatening Rd5.} Rc5 $1 {The position is equal.} 67. Rd6+ Ka7 68. Rg6 Rh5 69. b4 axb4 70. axb4 Kb7 71. Rf6 Rg5 72. Rf7+ $1 Kb6 73. Rf8 Kb7 74. Re8 Rf5 75. Rd8 Rg5 76. Rd4 Rf5 77. Kb3 Rf6 78. Rd5 Kb6 79. Ka4 Rh6 80. Rb5+ Ka6 81. Rb8 Ka7 82. Rg8 Kb6 83. Rc8 Rg6 84. Rc4 Rh6 85. Rg4 Rf6 86. b5 Rh6 87. Kb4 Rh8 {Av CentiPawn Loss W=-36/B=-29. Weighted=-52/-28} 1/2-1/2

[Event "Zlatni otok Krk Open 2020"]
[Site "Malinska"]
[Date "2020.11.08"]
[Round "5.2"]
[White "Doric, Darko"]
[Black "Vidovic, Mario"]
[Result "1-0"]
[WhiteElo "2484"]
[BlackElo "2225"]
[Annotator "ChessBase"]
[PlyCount "25"]
[EventDate "2020.11.05"]
[EventType "swiss"]
[EventCountry "CRO"]
[SourceTitle "playchess.com"]
[Source "ChessBase"]
[SourceQuality "1"]
[TimeControl "5400+30"]

1. d4 {[%emt 0:01:03]} d5 {[%emt 0:03:11]} 2. Bf4 {[%emt 0:00:16]} e6 {[%emt 0:02:37]} 3. e3 {[%emt 0:00:08]} Bd6 {[%emt 0:00:07]} 4. Bg3 {[%emt 0:00:08]} f5 {[%emt 0:00:24]} 5. c4 {[%emt 0:01:46]} Nf6 {[%emt 0:02:02]} 6. Nc3 {[%emt 0:00:35]} c6 {[%emt 0:07:25]} 7. Bd3 {[%emt 0:01:30]} O-O {[%emt 0:01:46]} 8. Bxd6 {[%emt 0:04:50]} Qxd6 {[%emt 0:00:13]} 9. Nf3 {[%emt 0:00:31]} Nbd7 {[%emt 0:12:22]} 10. O-O {[%emt 0:00:18]} Ne4 {[%emt 0:07:01]} 11. Rc1 {[%emt 0:01:09]} Kh8 {[%emt 0:12:47]} 12. Qc2 {[%emt 0:03:48]} Qe7 {[%emt 0:04:29]} 13. Ne2 {[%emt 0:10:03]} 1-0

[Event "Zlatni otok Krk Open 2020"]
[Site "Malinska"]
[Date "2020.11.08"]
[Round "5.3"]
[White "Vojak, Daniel"]
[Black "Martic, Zlatko"]
[Result "1/2-1/2"]
[WhiteElo "2236"]
[BlackElo "2298"]
[Annotator "NA"]
[PlyCount "118"]
[EventDate "2020.11.05"]
[EventType "swiss"]
[EventCountry "CRO"]
[SourceTitle "playchess.com"]
[Source "ChessBase"]
[SourceQuality "1"]
[TimeControl "5400+30"]

1. Nf3 {[%emt 0:00:00]} Nf6 {[%emt 1:30:30]} 2. c4 {[%emt 0:00:00]} g6 {[%emt 0:00:00]} 3. b4 {[%emt 0:00:07]} Bg7 {[%emt 0:00:00]} 4. Bb2 {[%emt 0:00:07]} O-O {[%emt 0:00:00]} 5. g3 {[%emt 0:00:02]} d5 {[%emt 0:00:00]} 6. cxd5 {[%emt 0:00:36]} Nxd5 {[%emt 0:00:00] A15: English Opening: 1...Nf6.} 7. Bxg7 {[%emt 0:00:07]} Kxg7 {[%emt 0:00:00]} 8. Qb3 {[%emt 0:00:41]} Qd6 {[%emt 0:00:00]} 9. a3 {[%emt 0:07:30]} Qf6 {[%emt 0:00:00]} 10. d4 $1 {[%emt 0:07:45]} Be6 {[%emt 0:00:00] [#]} 11. Nbd2 $146 {[%emt 0:01:18]} ({Predecessor:} 11. Qc2 Nc6 12. Qd2 Nb6 13. b5 Nc4 14. Qc3 N6a5 15. e4 c6 16. bxc6 bxc6 17. Ne5 {1-0 (37) Werchan,H (2146)-Thieme,W (1953) Dresden 2009}) 11... a5 {[%emt 0:00:00]} 12. b5 {[%emt 0:07:09]} Nd7 {[%emt 0:00:00]} 13. Ne4 {[%emt 0:18:11]} Qf5 {[%emt 0:00:00]} 14. Neg5 {[%emt 0:01:39]} N5b6 {[%emt 0:00:00]} 15. Nxe6+ {[%emt 0:01:31]} fxe6 {[%emt 0:00:00]} 16. Bg2 {[%emt 0:01:27]} a4 {[%emt 0:00:00] [#]} 17. Qb4 $1 {[%emt 0:04:28]} Nd5 {[%emt 0:00:00]} 18. Qd2 {[%emt 0:01:40]} N7f6 {[%emt 0:00:00]} 19. Nh4 {[%emt 0:09:27]} Qh5 {[%emt 0:00:00] [#]} 20. O-O $1 {[%emt 0:00:31]} g5 {[%emt 0:00:00] [#]} 21. Nf3 $1 {[%emt 0:00:50]} Ne4 {[%emt 0:00:00]} 22. Qd3 {[%emt 0:04:01]} Nd6 {[%emt 0:00:00]} 23. e4 {[%emt 0:01:50]} Nb6 {[%emt 0:00:00]} 24. Rac1 {[%emt 0:00:20]} Rac8 {[%emt 0:00:00]} 25. Rc5 {[%emt 0:02:04]} h6 {[%emt 0:00:00]} 26. Rfc1 {[%emt 0:03:54]} Qf7 {[%emt 0:00:00]} 27. Qe2 {[%emt 0:05:06]} Ne8 {[%emt 0:00:00]} 28. Ne5 {[%emt 0:03:19]} Qf6 {[%emt 0:00:00]} 29. Qe3 {[%emt 0:04:37]} Rd8 {[%emt 0:00:00]} 30. R1c2 {[%emt 0:00:50]} Kg8 {[%emt 0:00:00]} 31. Bh3 {[%emt 0:01:57]} Kg7 {[%emt 0:00:00]} 32. Bg4 {[%emt 0:00:15]} Kg8 {[%emt 0:00:00]} 33. Kg2 {[%emt 0:00:44]} Kh7 {[%emt 0:00:00]} 34. Bh5 {[%emt 0:01:40]} Nd7 {[%emt 0:00:51]} 35. Bxe8 {[%emt 0:01:58]} Rfxe8 {[%emt 0:02:23]} 36. Ng4 {[%emt 0:00:43]} Qg7 {[%emt 0:02:58]} 37. Rxc7 {[%emt 0:00:45]} h5 {[%emt 0:00:20]} 38. Ne5 {[%emt 0:00:20]} Nxe5 {[%emt 0:00:09]} 39. dxe5 {[%emt 0:00:05]} g4 {[%emt 0:00:15]} 40. Rxb7 {[%emt 0:02:32]} Rd1 {[%emt 0:00:48]} 41. Rcc7 {[%emt 0:01:20]} Qf7 {[%emt 0:01:31]} 42. Ra7 {[%emt 0:02:18]} (42. h4 $142 Rb1 43. Qf4) 42... Rb1 {[%emt 0:00:25]} 43. Rxa4 $16 {[%emt 0:00:54]} (43. h4 $18) 43... Rb2 {[%emt 0:00:33]} 44. Raa7 {[%emt 0:00:49]} Kg6 {[%emt 0:00:29]} 45. Qf4 {[%emt 0:00:51]} Qxf4 {[%emt 0:01:42]} 46. gxf4 {[%emt 0:00:11]} Rf8 {[%emt 0:00:34]} 47. f5+ {[%emt 0:01:10]} exf5 {[%emt 0:02:13]} 48. Rxe7 {[%emt 0:00:23]} fxe4 {[%emt 0:02:08]} 49. Rg7+ {[%emt 0:00:07]} Kf5 {[%emt 0:00:44]} 50. Rgf7+ {[%emt 0:00:25]} Rxf7 {[%emt 0:00:14]} 51. Rxf7+ {[%emt 0:00:22]} Kxe5 {[%emt 0:00:05]} 52. a4 {[%emt 0:00:11]} h4 {[%emt 0:01:55]} 53. Rh7 {[%emt 0:01:19]} Kf4 {[%emt 0:00:43]} 54. Rf7+ {[%emt 0:00:27]} Kg5 {[%emt 0:00:32]} 55. Rg7+ {[%emt 0:02:21]} Kf4 {[%emt 0:00:08]} 56. h3 {[%emt 0:00:46]} g3 {[%emt 0:00:07]} 57. Rf7+ {[%emt 0:00:15]} Ke5 {[%emt 0:01:00]} 58. Kf1 {[%emt 0:00:15]} Rb1+ {[%emt 0:00:27]} 59. Kg2 {[%emt 0:00:03]} Rb2 {[%emt 0:00:04]} 1/2-1/2

[Event "Zlatni otok Krk Open 2020"]
[Site "Malinska"]
[Date "2020.11.08"]
[Round "5.4"]
[White "Berke, Ana"]
[Black "Stocko, Josip"]
[Result "1-0"]
[WhiteElo "2166"]
[BlackElo "2241"]
[Annotator "ChessBase"]
[PlyCount "141"]
[EventDate "2020.11.05"]
[EventType "swiss"]
[EventCountry "CRO"]
[SourceTitle "playchess.com"]
[Source "ChessBase"]
[SourceQuality "1"]
[TimeControl "5400+30"]

1. e4 {[%emt 0:00:00]} c5 {[%emt 0:00:00]} 2. Nf3 {[%emt 0:00:00]} d6 {[%emt 0:00:00]} 3. Bb5+ {[%emt 0:00:00]} Nd7 {[%emt 0:00:00]} 4. O-O {[%emt 0:00:03]} Ngf6 {[%emt 0:00:02]} 5. Re1 {[%emt 0:00:06]} a6 {[%emt 0:00:21]} 6. Bf1 {[%emt 0:00:06]} e6 {[%emt 0:00:35]} 7. c3 {[%emt 0:01:04]} b6 {[%emt 0:02:32]} 8. d4 {[%emt 0:00:57]} Bb7 {[%emt 0:00:15]} 9. d5 {[%emt 0:03:06]} e5 {[%emt 0:01:50]} 10. c4 {[%emt 0:09:50]} g6 {[%emt 0:00:20]} 11. Nc3 {[%emt 0:00:23]} Bg7 {[%emt 0:00:18]} 12. a4 {[%emt 0:01:43]} O-O {[%emt 0:02:42]} 13. a5 {[%emt 0:01:25]} h6 {[%emt 0:01:29]} 14. Nd2 {[%emt 0:01:55]} Nh7 {[%emt 0:05:43]} 15. axb6 {[%emt 0:03:16]} Nxb6 {[%emt 0:02:38]} 16. Nb3 {[%emt 0:01:42]} Bc8 {[%emt 0:03:44]} 17. Be3 {[%emt 0:01:19]} f5 {[%emt 0:05:45]} 18. f3 {[%emt 0:00:19]} Nf6 {[%emt 0:06:09]} 19. Na5 {[%emt 0:02:07]} f4 {[%emt 0:04:55]} 20. Bf2 {[%emt 0:00:27]} Kh7 {[%emt 0:06:03]} 21. Nc6 {[%emt 0:03:26]} Qc7 {[%emt 0:00:37]} 22. Qd3 {[%emt 0:08:30]} Bd7 {[%emt 0:02:20]} 23. Na5 {[%emt 0:01:13]} Rfb8 {[%emt 0:04:05]} 24. Reb1 {[%emt 0:01:48]} Nc8 {[%emt 0:00:25]} 25. Be1 {[%emt 0:03:28]} Ne7 {[%emt 0:05:58]} 26. Nd1 {[%emt 0:06:04]} g5 {[%emt 0:00:52]} 27. g4 {[%emt 0:06:19]} fxg3 {[%emt 0:10:17]} 28. hxg3 {[%emt 0:01:15]} h5 {[%emt 0:00:45]} 29. Ra2 {[%emt 0:03:29]} Bh6 {[%emt 0:07:20]} 30. Bd2 {[%emt 0:03:27]} Nfg8 {[%emt 0:02:29]} 31. Bg2 {[%emt 0:08:29]} Kg7 {[%emt 0:11:30]} 32. Bc3 {[%emt 0:02:29]} Nf6 {[%emt 0:00:35]} 33. Ne3 {[%emt 0:03:04]} Ng6 {[%emt 0:03:04]} 34. Nc6 {[%emt 0:03:25]} Re8 {[%emt 0:05:16]} 35. Nf5+ {[%emt 0:01:38]} Bxf5 {[%emt 0:00:41]} 36. exf5 {[%emt 0:00:05]} Ne7 {[%emt 0:00:57]} 37. Nxe7 {[%emt 0:04:00]} Qxe7 {[%emt 0:00:16]} 38. Rba1 {[%emt 0:00:31]} Qb7 {[%emt 0:00:40]} 39. Bd2 {[%emt 0:02:04]} Reb8 {[%emt 0:01:43]} 40. Re1 {[%emt 0:07:26]} Qd7 {[%emt 0:00:49]} 41. Rea1 {[%emt 0:01:11]} Qc8 {[%emt 0:00:55]} 42. Re1 {[%emt 0:01:20]} Qd7 {[%emt 0:02:08]} 43. Bh3 {[%emt 0:02:25]} Rb6 {[%emt 0:00:34]} 44. Kh1 {[%emt 0:01:20]} Rab8 {[%emt 0:00:09]} 45. Bc3 {[%emt 0:01:03]} g4 {[%emt 0:00:18]} 46. fxg4 {[%emt 0:00:50]} hxg4 {[%emt 0:00:01]} 47. Bg2 {[%emt 0:00:25]} Bg5 {[%emt 0:00:10]} 48. Bd2 {[%emt 0:01:18]} Bxd2 {[%emt 0:00:29]} 49. Qxd2 {[%emt 0:00:33]} Qxf5 {[%emt 0:00:10]} 50. Rf1 {[%emt 0:00:28]} Qg6 {[%emt 0:00:06]} 51. Kg1 {[%emt 0:01:10]} Qh5 {[%emt 0:02:01]} 52. Qf2 {[%emt 0:00:39]} Qh6 {[%emt 0:00:35]} 53. b4 {[%emt 0:00:33]} Rh8 {[%emt 0:01:11]} 54. Qe2 {[%emt 0:00:39]} Qh2+ {[%emt 0:00:51]} 55. Kf2 {[%emt 0:00:04]} Rh3 {[%emt 0:00:18]} 56. Qe3 {[%emt 0:01:22]} Rxg3 {[%emt 0:00:19]} 57. Qg5+ {[%emt 0:00:30]} Kh7 {[%emt 0:01:36]} 58. Ke1 {[%emt 0:00:29]} Rxg2 {[%emt 0:00:29]} 59. Qf5+ {[%emt 0:00:27]} Kg7 {[%emt 0:00:27]} 60. Qxf6+ {[%emt 0:00:08]} Kh7 {[%emt 0:00:23]} 61. Qe7+ {[%emt 0:00:43]} Kh6 {[%emt 0:00:13]} 62. Rf6+ {[%emt 0:00:27]} Kh5 {[%emt 0:00:31]} 63. Qh7+ {[%emt 0:00:24]} Kg5 {[%emt 0:00:01]} 64. Qg7+ {[%emt 0:00:35]} Kh4 {[%emt 0:00:14]} 65. Rh6+ {[%emt 0:00:15]} Kg3 {[%emt 0:00:01]} 66. Ra3+ {[%emt 0:01:03]} Kf4 {[%emt 0:00:08]} 67. Qf6+ {[%emt 0:00:33]} Ke4 {[%emt 0:00:06]} 68. Qg6+ {[%emt 0:00:17]} Kf4 {[%emt 0:00:11]} 69. Qf7+ {[%emt 0:00:19]} Ke4 {[%emt 0:00:41]} 70. Qh7+ {[%emt 0:00:05]} Kf4 {[%emt 0:00:46]} 71. Rxh2 {[%emt 0:00:27]} 1-0

[Event "Zlatni otok Krk Open 2020"]
[Site "Malinska"]
[Date "2020.11.08"]
[Round "5.6"]
[White "Vidovic, Sasa"]
[Black "Mazuran, Gabrijel"]
[Result "1-0"]
[WhiteElo "2209"]
[BlackElo "2058"]
[Annotator "ChessBase"]
[PlyCount "113"]
[EventDate "2020.11.05"]
[EventType "swiss"]
[EventCountry "CRO"]
[SourceTitle "playchess.com"]
[Source "ChessBase"]
[SourceQuality "1"]
[TimeControl "5400+30"]

1. b3 {[%emt 0:00:00]} e5 {[%emt 0:00:00]} 2. Bb2 {[%emt 0:00:02]} Nc6 {[%emt 0:00:29]} 3. e3 {[%emt 0:00:00]} a6 {[%emt 0:01:57]} 4. Nf3 {[%emt 0:04:19]} e4 {[%emt 0:02:28]} 5. Nd4 {[%emt 0:00:58]} Nf6 {[%emt 0:01:24]} 6. d3 {[%emt 0:05:52]} Nxd4 {[%emt 0:01:31]} 7. Bxd4 {[%emt 0:02:02]} d5 {[%emt 0:06:32]} 8. Nd2 {[%emt 0:07:50]} Be7 {[%emt 0:09:11]} 9. Be2 {[%emt 0:12:03]} b6 {[%emt 0:15:55]} 10. O-O {[%emt 0:09:20]} O-O {[%emt 0:02:05]} 11. Be5 {[%emt 0:13:23]} Bb7 {[%emt 0:20:19]} 12. Qc1 {[%emt 0:08:49]} Nd7 {[%emt 0:01:35]} 13. Bb2 {[%emt 0:04:14]} f5 {[%emt 0:07:48]} 14. c4 {[%emt 0:02:36]} c6 {[%emt 0:02:42]} 15. Rd1 {[%emt 0:06:32]} Bf6 {[%emt 0:12:21]} 16. cxd5 {[%emt 0:07:53]} cxd5 {[%emt 0:01:32]} 17. Bxf6 {[%emt 0:12:37]} Nxf6 {[%emt 0:01:45]} 18. Nf1 {[%emt 0:00:00]} Qe7 {[%emt 0:00:45]} 19. Ng3 {[%emt 0:00:00]} g6 {[%emt 0:03:13]} 20. Qd2 {[%emt 0:00:00]} h5 {[%emt 0:01:54]} 21. h3 {[%emt 0:00:00]} Nd7 {[%emt 0:02:41]} 22. dxe4 {[%emt 0:00:00]} fxe4 {[%emt 0:00:07]} 23. Qd4 {[%emt 0:00:00]} Ne5 {[%emt 0:02:02]} 24. Qxb6 {[%emt 0:02:06]} Rf6 {[%emt 0:00:06]} 25. Qa5 {[%emt 0:00:21]} Raf8 {[%emt 0:01:35]} 26. Rxd5 {[%emt 0:01:09]} Bxd5 {[%emt 0:00:30]} 27. Qxd5+ {[%emt 0:00:05]} Kg7 {[%emt 0:00:26]} 28. Nxe4 {[%emt 0:00:13]} Rd8 {[%emt 0:00:32]} 29. Qa5 {[%emt 0:01:03]} Nc6 {[%emt 0:00:29]} 30. Qa4 {[%emt 0:00:11]} Re6 {[%emt 0:00:33]} 31. Ng3 {[%emt 0:00:44]} Nb4 {[%emt 0:00:29]} 32. Bxh5 {[%emt 0:00:33]} Qf6 {[%emt 0:00:32]} 33. Rf1 {[%emt 0:00:17]} Nd3 {[%emt 0:00:28]} 34. Bg4 {[%emt 0:00:34]} Re7 {[%emt 0:00:31]} 35. Qa5 {[%emt 0:01:07]} Rf8 {[%emt 0:00:30]} 36. Bf3 {[%emt 0:00:16]} Ne5 {[%emt 0:00:30]} 37. Be4 {[%emt 0:00:14]} Nf7 {[%emt 0:00:30]} 38. Qb4 {[%emt 0:00:46]} Ng5 {[%emt 0:00:28]} 39. Bd5 {[%emt 0:00:37]} Re5 {[%emt 0:00:33]} 40. e4 {[%emt 0:00:43]} Ne6 {[%emt 0:00:28]} 41. Bxe6 {[%emt 0:00:13]} Rxe6 {[%emt 0:00:24]} 42. Qc5 {[%emt 0:00:45]} Rc6 {[%emt 0:00:35]} 43. Qe3 {[%emt 0:00:13]} Rc3 {[%emt 0:00:32]} 44. Qe2 {[%emt 0:00:14]} Qc6 {[%emt 0:00:31]} 45. Qg4 {[%emt 0:00:35]} Kf7 {[%emt 0:00:30]} 46. e5 {[%emt 0:00:21]} Qe6 {[%emt 0:00:30]} 47. Qd4 {[%emt 0:00:28]} Rc7 {[%emt 0:00:29]} 48. Ne4 {[%emt 0:00:20]} Kg8 {[%emt 0:00:30]} 49. Ng5 {[%emt 0:00:47]} Qe7 {[%emt 0:00:31]} 50. Qd5+ {[%emt 0:00:20]} Kh8 {[%emt 0:00:30]} 51. Ne6 {[%emt 0:00:27]} Rf7 {[%emt 0:00:31]} 52. Nxc7 {[%emt 0:00:24]} Qxc7 {[%emt 0:00:02]} 53. e6 {[%emt 0:00:25]} Re7 {[%emt 0:00:51]} 54. Rd1 {[%emt 0:00:27]} Kg7 {[%emt 0:00:35]} 55. Qd4+ {[%emt 0:00:19]} Kh7 {[%emt 0:00:30]} 56. Qh4+ {[%emt 0:00:22]} Kg7 {[%emt 0:00:08]} 57. Qxe7+ {[%emt 0:00:13]} 1-0